000 004740000a22001810004500
020 _a0-8054-2531-4
041 0 _aENG
082 0 4 _aG 254.5 D817h
100 1 _aDubose, Francis M.
245 1 0 _aHow churches grow : In an urban world / Francis M. Dubose
260 _aNashville, TN., USA : Broadman
300 _a181 Pag
001 6623
942 _cBK
999 _c36891
_d36891
336 _atexto
_btxt
_2rdacontent
337 _2rdamedia
_asin mediación
_bn
338 _2rdacarrier
_avolumen
_bnc